|
|
|
|
| LEADER |
00897nam a2200241 i 4500 |
| 001 |
c000255750 |
| 003 |
CARM |
| 005 |
00000000000000.0 |
| 008 |
841018s1977 xx 0 chi d |
| 019 |
1 |
|
|a 9707337
|z 41553874
|5 LACONCORD2021
|
| 035 |
|
|
|a (OCoLC)221932078
|5 LACONCORD2021
|
| 041 |
0 |
|
|a chi
|
| 082 |
0 |
4 |
|a 370.951
|
| 245 |
0 |
0 |
|a Nung-yeh chi-ch'u chih-shih, v.3.
|
| 260 |
|
|
|a ???,
|c 1977 (1976)
|
| 300 |
|
|
|a 35 leaves.
|
| 440 |
|
0 |
|a Chinese school textbooks ;
|v v.33
|
| 500 |
|
|
|a High School Textbook-experimental edition.
|
| 650 |
|
0 |
|a Agricultural productivity
|x Study and teaching (Secondary)
|z China.
|
| 650 |
|
0 |
|a Agricultural productivity
|z China.
|
| 852 |
8 |
|
|b CARM
|h A1:AQ25D0
|i F01888
|p 0370365
|f BK
|
| 999 |
f |
f |
|i f43260d0-d40f-55ac-a255-5460361a849f
|s 786254d6-f020-5be3-98b9-19edccc79c46
|
| 952 |
f |
f |
|p Can circulate
|a CAVAL
|b CAVAL
|c CAVAL
|d CARM 1 Store
|e F01888
|f A1:AQ25D0
|h Other scheme
|i book
|m 0370365
|